[Event "WCO2014"]
[Site "Tromso"]
[Date "2014.08.03"]
[Round "2.2"]
[WhiteID "2137984"]
[White "Hoshino Karen"]
[BlackID "6201563"]
[Black "Atthaworadej Worasuda"]
[Result "1-0"]
[LiveChessVersion "1.4.3"]
[BlackElo "1749"]
[WhiteElo "1738"]

1. d4 {[%clk 1:30:57]} Nf6 {[%clk 1:30:52]} 2. c4 {[%clk 1:31:13]} g6
{[%clk 1:31:08]} 3. Nc3 {[%clk 1:31:30]} d5 {[%clk 1:30:52]} 4. cxd5
{[%clk 1:31:43]} Nxd5 {[%clk 1:31:11]} 5. e4 {[%clk 1:31:56]} Nxc3
{[%clk 1:31:31]} 6. bxc3 {[%clk 1:32:18]} Bg7 {[%clk 1:31:48]} 7. Bc4
{[%clk 1:32:17]} c5 {[%clk 1:30:52]} 8. Ne2 {[%clk 1:31:42]} O-O {[%clk 1:28:37]}
9. O-O {[%clk 1:31:01]} Nc6 {[%clk 1:26:13]} 10. Be3 {[%clk 1:29:49]} cxd4
{[%clk 1:20:59]} 11. cxd4 {[%clk 1:28:38]} b6 {[%clk 1:18:25]} 12. Rc1
{[%clk 1:19:15]} Bb7 {[%clk 1:12:15]} 13. f3 {[%clk 1:11:56]} Rc8
{[%clk 1:05:05]} 14. Qd2 {[%clk 1:03:51]} Na5 {[%clk 0:48:20]} 15. Bb5
{[%clk 0:52:39]} a6 {[%clk 0:42:08]} 16. Bd3 {[%clk 0:46:41]} e6 {[%clk 0:36:47]}
17. Rxc8 {[%clk 0:41:40]} Qxc8 {[%clk 0:29:57]} 18. Rc1 {[%clk 0:37:59]} Qd8
{[%clk 0:23:28]} 19. Rb1 {[%clk 0:29:04]} b5 {[%clk 0:17:08]} 20. Rc1
{[%clk 0:17:12]} Nc6 {[%clk 0:15:57]} 21. Bc2 {[%clk 0:15:52]} Ne7
{[%clk 0:12:31]} 22. a4 {[%clk 0:13:49]} Bc6 {[%clk 0:09:28]} 23. axb5
{[%clk 0:11:27]} Bxb5 {[%clk 0:09:16]} 24. Bd3 {[%clk 0:10:03]} Qd7
{[%clk 0:08:11]} 25. Bxb5 {[%clk 0:08:06]} axb5 {[%clk 0:08:10]} 26. Qb4
{[%clk 0:07:03]} Rb8 {[%clk 0:06:55]} 27. Bf4 {[%clk 0:06:10]} Rb7
{[%clk 0:03:43]} 28. Qc5 {[%clk 0:04:28]} Bf8 {[%clk 0:02:20]} 29. Qc3
{[%clk 0:03:06]} Bg7 {[%clk 0:02:13]} 30. Kf1 {[%clk 0:02:28]} b4
{[%clk 0:01:33]} 31. Qc4 {[%clk 0:02:05]} Rb6 {[%clk 0:01:08]} 32. d5
{[%clk 0:01:17]} exd5 {[%clk 0:01:20]} 33. exd5 {[%clk 0:01:41]} Qxd5
{[%clk 0:01:15]} 34. Qxd5 {[%clk 0:01:44]} Nxd5 {[%clk 0:01:34]} 35. Rc8+
{[%clk 0:02:03]} Bf8 {[%clk 0:01:51]} 36. Bh6 {[%clk 0:01:46]} Ne3+
{[%clk 0:01:10]} 37. Kg1 {[%clk 0:00:55]} 1-0

[Event "WCO2014"]
[Site "Tromso"]
[Date "2014.08.03"]
[Round "2.12"]
[WhiteID "16300149"]
[White "Lin Yu-Tong Elaine"]
[BlackID "14101360"]
[Black "Zsiltzova-Lisenko Lubov"]
[Result "0-1"]
[LiveChessVersion "1.4.3"]
[BlackElo "2262"]
[WhiteElo "1519"]

1. e4 {[%clk 1:30:57]} c5 {[%clk 1:30:59]} 2. Nf3 {[%clk 1:31:19]} Nc6
{[%clk 1:30:35]} 3. c3 {[%clk 1:31:18]} Nf6 {[%clk 1:31:02]} 4. Qc2
{[%clk 1:26:11]} e6 {[%clk 1:31:07]} 5. Bb5 {[%clk 1:23:01]} d5 {[%clk 1:31:17]}
6. e5 {[%clk 1:18:52]} Nd7 {[%clk 1:31:43]} 7. d4 {[%clk 1:14:35]} Be7
{[%clk 1:31:55]} 8. O-O {[%clk 1:14:29]} a6 {[%clk 1:32:18]} 9. Bd3
{[%clk 1:11:51]} cxd4 {[%clk 1:32:36]} 10. cxd4 {[%clk 1:10:59]} Nb4
{[%clk 1:32:42]} 11. Qd1 {[%clk 1:10:09]} Nxd3 {[%clk 1:33:02]} 12. Qxd3
{[%clk 1:10:32]} Nb6 {[%clk 1:33:02]} 13. Nc3 {[%clk 1:07:06]} Bd7
{[%clk 1:33:01]} 14. Be3 {[%clk 1:03:12]} Rc8 {[%clk 1:32:51]} 15. Nd2
{[%clk 0:57:17]} O-O {[%clk 1:32:33]} 16. f4 {[%clk 0:54:33]} f5 {[%clk 1:31:54]}
17. Rf3 {[%clk 0:50:07]} Na4 {[%clk 1:28:31]} 18. Nxa4 {[%clk 0:44:05]} Bxa4
{[%clk 1:28:58]} 19. b3 {[%clk 0:37:36]} Bb5 {[%clk 1:28:35]} 20. Qb1
{[%clk 0:37:40]} Rc3 {[%clk 1:27:18]} 21. Qd1 {[%clk 0:21:51]} Qc7
{[%clk 1:27:19]} 22. Rh3 {[%clk 0:20:22]} g6 {[%clk 1:27:31]} 23. a4
{[%clk 0:17:47]} Bd3 {[%clk 1:26:47]} 24. Bf2 {[%clk 0:16:18]} Rc8
{[%clk 1:26:56]} 25. Re3 {[%clk 0:09:27]} Bc2 {[%clk 1:23:15]} 26. Qe2
{[%clk 0:06:49]} Be4 {[%clk 1:18:07]} 27. Rxc3 {[%clk 0:05:43]} Qxc3
{[%clk 1:18:32]} 28. Nxe4 {[%clk 0:05:27]} dxe4 {[%clk 1:18:54]} 29. Rb1
{[%clk 0:05:09]} Qc2 {[%clk 1:16:02]} 30. Qxc2 {[%clk 0:05:01]} Rxc2
{[%clk 1:16:29]} 31. Kf1 {[%clk 0:05:10]} Bb4 {[%clk 1:16:37]} 32. Be3
{[%clk 0:04:12]} Kf7 {[%clk 1:17:00]} 33. Rc1 {[%clk 0:03:51]} Rxc1+
{[%clk 1:17:17]} 34. Bxc1 {[%clk 0:04:18]} Ke7 {[%clk 1:17:39]} 35. Ke2
{[%clk 0:04:22]} Kd7 {[%clk 1:17:57]} 36. h3 {[%clk 0:04:04]} Kc6
{[%clk 1:18:20]} 37. Bb2 {[%clk 0:04:07]} Kd5 {[%clk 1:18:45]} 38. Ke3
{[%clk 0:03:39]} Be1 {[%clk 1:19:00]} 39. g4 {[%clk 0:03:04]} Bg3
{[%clk 1:19:21]} 40. Bc3 {[%clk 0:02:31]} Bh2 {[%clk 1:19:30]} 41. gxf5
{[%clk 0:01:02]} gxf5 {[%clk 1:18:36]} 42. Bb4 {[%clk 0:19:09]} Bg1+
{[%clk 1:49:21]} 43. Ke2 {[%clk 0:18:47]} Kxd4 {[%clk 1:49:25]} 44. Ba5
{[%clk 0:17:37]} e3 {[%clk 1:49:40]} 45. Kf3 {[%clk 0:12:15]} Kd3
{[%clk 1:49:54]} 46. Be1 {[%clk 0:11:10]} e2 {[%clk 1:49:48]} 47. Kg3
{[%clk 0:07:02]} Be3 {[%clk 1:49:23]} 48. Kh4 {[%clk 0:06:15]} Bxf4
{[%clk 1:48:20]} 49. Kh5 {[%clk 0:06:06]} Bd2 {[%clk 1:48:23]} 50. Bh4
{[%clk 0:06:08]} f4 {[%clk 1:48:44]} 51. Kg5 {[%clk 0:05:56]} f3+
{[%clk 1:49:01]} 52. Kf6 {[%clk 0:05:30]} e1=Q {[%clk 1:46:42]} 53. Bxe1
{[%clk 0:05:54]} Bxe1 {[%clk 1:47:06]} 54. Kxe6 {[%clk 0:06:18]} f2 0-1

[Event "WCO2014"]
[Site "Tromso"]
[Date "2014.08.03"]
[Round "2.11"]
[WhiteID "1126423"]
[White "Stolarczyk Anna"]
[BlackID "16300955"]
[Black "Gao Yi-Ping"]
[Result "0-1"]
[LiveChessVersion "1.4.3"]
[BlackElo "1723"]
[WhiteElo "1994"]

1. d4 {[%clk 1:30:57]} d6 {[%clk 1:30:52]} 2. c4 {[%clk 1:31:11]} Nf6
{[%clk 1:31:10]} 3. Nc3 {[%clk 1:31:35]} g6 {[%clk 1:31:17]} 4. e4
{[%clk 1:31:24]} Bg7 {[%clk 1:31:43]} 5. Nf3 {[%clk 1:28:34]} O-O
{[%clk 1:32:03]} 6. h3 {[%clk 1:20:52]} c5 {[%clk 1:29:34]} 7. d5
{[%clk 1:20:45]} e6 {[%clk 1:21:48]} 8. Bf4 {[%clk 1:07:54]} exd5
{[%clk 1:20:09]} 9. cxd5 {[%clk 1:05:32]} Re8 {[%clk 1:19:30]} 10. Bd3
{[%clk 1:04:28]} c4 {[%clk 1:09:32]} 11. Bc2 {[%clk 1:03:57]} Na6
{[%clk 1:05:46]} 12. O-O {[%clk 1:01:58]} Nc5 {[%clk 1:04:55]} 13. Nd2
{[%clk 0:54:39]} a6 {[%clk 0:57:50]} 14. a4 {[%clk 0:54:43]} Nh5 {[%clk 0:50:51]}
15. Bh2 {[%clk 0:43:26]} Qg5 {[%clk 0:45:20]} 16. f4 {[%clk 0:37:18]} Bd4+
{[%clk 0:34:24]} 17. Kh1 {[%clk 0:37:37]} Ng3+ {[%clk 0:34:29]} 18. Bxg3
{[%clk 0:38:01]} Qxg3 {[%clk 0:34:56]} 19. Qf3 {[%clk 0:36:27]} Qxf3
{[%clk 0:31:17]} 20. Rxf3 {[%clk 0:36:34]} Nb3 {[%clk 0:27:49]} 21. Nxb3
{[%clk 0:23:48]} cxb3 {[%clk 0:28:14]} 22. Bxb3 {[%clk 0:20:40]} Bxc3
{[%clk 0:28:31]} 23. Rxc3 {[%clk 0:20:52]} Rxe4 {[%clk 0:28:57]} 24. Rf1
{[%clk 0:14:26]} Rb4 {[%clk 0:25:46]} 25. Kh2 {[%clk 0:12:24]} Bf5
{[%clk 0:23:22]} 26. g3 {[%clk 0:10:16]} Re8 {[%clk 0:23:31]} 27. Rf2
{[%clk 0:10:13]} Kg7 {[%clk 0:23:18]} 28. Rd2 {[%clk 0:09:02]} Re1
{[%clk 0:20:37]} 29. Bd1 {[%clk 0:05:56]} Be4 {[%clk 0:18:14]} 30. g4
{[%clk 0:06:20]} Rf1 {[%clk 0:11:10]} 31. Kg3 {[%clk 0:06:42]} Bh1
{[%clk 0:10:53]} 32. f5 {[%clk 0:05:30]} gxf5 {[%clk 0:10:24]} 33. b3
{[%clk 0:05:19]} f4+ {[%clk 0:09:55]} 34. Kh4 {[%clk 0:05:22]} Be4
{[%clk 0:08:29]} 35. Rc7 {[%clk 0:05:09]} f3 {[%clk 0:06:37]} 36. Rd7
{[%clk 0:05:18]} f2 {[%clk 0:05:35]} 37. Rxd6 {[%clk 0:05:37]} Bg2
{[%clk 0:04:24]} 38. Be2 {[%clk 0:04:40]} Rh1 {[%clk 0:04:20]} 39. Kg3
{[%clk 0:05:00]} f1=Q {[%clk 0:04:12]} 40. Bxf1 {[%clk 0:05:27]} Bxf1
{[%clk 0:04:29]} 41. h4 {[%clk 0:24:20]} Rh3+ {[%clk 0:20:21]} 42. Kf2
{[%clk 0:24:43]} Rh2+ {[%clk 0:20:47]} 43. Ke1 {[%clk 0:24:51]} Rxd2
{[%clk 0:20:58]} 44. Kxd2 {[%clk 0:25:16]} Rxb3 {[%clk 0:21:16]} 45. h5
{[%clk 0:25:33]} h6 {[%clk 0:21:05]} 46. g5 {[%clk 0:23:57]} hxg5
{[%clk 0:20:25]} 47. h6+ {[%clk 0:24:14]} Kh7 {[%clk 0:20:52]} 48. Rf6
{[%clk 0:24:25]} Bc4 {[%clk 0:18:21]} 49. d6 {[%clk 0:24:25]} Rd3+
{[%clk 0:18:22]} 50. Kc2 {[%clk 0:24:30]} b5 {[%clk 0:18:13]} 51. axb5
{[%clk 0:22:40]} axb5 {[%clk 0:18:39]} 52. Kb2 {[%clk 0:22:21]} b4
{[%clk 0:18:58]} 53. Kc2 {[%clk 0:22:39]} b3+ {[%clk 0:19:05]} 54. Kb2
{[%clk 0:23:07]} g4 {[%clk 0:17:50]} 55. Rf4 {[%clk 0:21:26]} Be6
{[%clk 0:18:13]} 0-1

[Event "WCO2014"]
[Site "Tromso"]
[Date "2014.08.03"]
[Round "2.10"]
[WhiteID "16300459"]
[White "Liao Jo-Yu"]
[BlackID "1120816"]
[Black "Debowska Teresa"]
[Result "0-1"]
[LiveChessVersion "1.4.3"]
[BlackElo "1708"]
[WhiteElo "1478"]

1. e4 {[%clk 1:30:57]} c5 {[%clk 1:30:43]} 2. Nf3 {[%clk 1:31:24]} Nc6
{[%clk 1:30:49]} 3. d4 {[%clk 1:31:50]} cxd4 {[%clk 1:31:04]} 4. Nxd4
{[%clk 1:32:15]} g6 {[%clk 1:31:24]} 5. Be3 {[%clk 1:32:21]} Bg7 {[%clk 1:31:32]}
6. Nc3 {[%clk 1:32:42]} Nf6 {[%clk 1:31:49]} 7. f3 {[%clk 1:31:30]} O-O
{[%clk 1:31:51]} 8. Qd2 {[%clk 1:31:35]} Qa5 {[%clk 1:29:38]} 9. Be2
{[%clk 1:30:16]} d6 {[%clk 1:25:38]} 10. O-O-O {[%clk 1:25:16]} Nxd4
{[%clk 1:21:59]} 11. Bxd4 {[%clk 1:24:22]} e5 {[%clk 1:22:20]} 12. Be3
{[%clk 1:24:19]} Be6 {[%clk 1:22:41]} 13. a3 {[%clk 1:21:41]} Rfd8
{[%clk 1:19:23]} 14. Nd5 {[%clk 1:11:11]} Qxd2+ {[%clk 1:19:28]} 15. Rxd2
{[%clk 1:11:35]} Bxd5 {[%clk 1:18:45]} 16. exd5 {[%clk 1:11:51]} Rdc8
{[%clk 1:16:46]} 17. Kb1 {[%clk 1:11:47]} a6 {[%clk 1:12:31]} 18. Rc1
{[%clk 1:04:46]} Nd7 {[%clk 1:11:14]} 19. c4 {[%clk 0:57:52]} b6 {[%clk 1:07:15]}
20. b4 {[%clk 0:52:18]} Rcb8 {[%clk 0:59:40]} 21. Ka2 {[%clk 0:51:08]} a5
{[%clk 0:53:18]} 22. bxa5 {[%clk 0:50:45]} Rxa5 {[%clk 0:52:59]} 23. Rb1
{[%clk 0:49:44]} Rba8 {[%clk 0:50:28]} 24. Rd3 {[%clk 0:47:44]} Nc5
{[%clk 0:50:10]} 25. Bxc5 {[%clk 0:48:07]} bxc5 {[%clk 0:50:29]} 26. Rb5
{[%clk 0:48:10]} Bh6 {[%clk 0:41:04]} 27. Rxa5 {[%clk 0:46:54]} Rxa5
{[%clk 0:40:46]} 28. Bd1 {[%clk 0:46:22]} f5 {[%clk 0:40:46]} 29. Rb3
{[%clk 0:45:12]} Ra7 {[%clk 0:36:00]} 30. Rb6 {[%clk 0:44:07]} Bf8
{[%clk 0:36:00]} 31. a4 {[%clk 0:40:18]} Be7 {[%clk 0:35:02]} 32. Kb2
{[%clk 0:37:27]} Kf7 {[%clk 0:34:33]} 33. Kc3 {[%clk 0:35:57]} Ke8
{[%clk 0:32:24]} 34. Kd3 {[%clk 0:35:18]} Kd7 {[%clk 0:32:05]} 35. g3
{[%clk 0:31:45]} Bd8 {[%clk 0:31:22]} 36. Rb2 {[%clk 0:27:49]} Kc8
{[%clk 0:29:41]} 37. h3 {[%clk 0:26:34]} Ba5 {[%clk 0:29:50]} 38. g4
{[%clk 0:26:28]} f4 {[%clk 0:25:55]} 39. h4 {[%clk 0:25:09]} Kc7 {[%clk 0:25:47]}
40. h5 {[%clk 0:24:45]} Kc8 {[%clk 0:11:11]} 41. hxg6 {[%clk 0:12:18]} hxg6
{[%clk 0:11:31]} 42. Rh2 {[%clk 0:12:18]} Rb7 {[%clk 0:07:17]} 43. Rh8+
{[%clk 0:11:35]} Bd8 {[%clk 0:07:37]} 44. Rg8 {[%clk 0:11:26]} g5
{[%clk 0:07:53]} 45. Rg6 {[%clk 0:11:31]} Rb1 {[%clk 0:00:40]} 46. Bc2
{[%clk 0:07:02]} Re1 {[%clk 0:00:38]} 47. Rxd6 {[%clk 0:05:01]} Ba5
{[%clk 0:23:49]} 48. Bb3 {[%clk 0:33:55]} Re3+ {[%clk 0:23:53]} 49. Kc2
{[%clk 0:34:18]} Rc3+ {[%clk 0:23:23]} 50. Kb2 {[%clk 0:34:30]} Rxf3
{[%clk 0:23:27]} 51. Rc6+ {[%clk 0:34:35]} Kd7 {[%clk 0:23:32]} 52. Rxc5
{[%clk 0:34:27]} Bc3+ {[%clk 0:22:15]} 53. Kc1 {[%clk 0:29:24]} Bd4
{[%clk 0:21:45]} 54. Rb5 {[%clk 0:26:18]} e4 {[%clk 0:21:45]} 55. c5
{[%clk 0:17:06]} Rc3+ {[%clk 0:21:59]} 56. Kd2 {[%clk 0:17:22]} e3+
{[%clk 0:22:14]} 57. Ke2 {[%clk 0:17:32]} Bxc5 {[%clk 0:21:56]} 58. Bd1
{[%clk 0:15:21]} Kd6 {[%clk 0:21:19]} 59. a5 {[%clk 0:14:14]} Kxd5 0-1

[Event "WCO2014"]
[Site "Tromso"]
[Date "2014.08.03"]
[Round "2.1"]
[WhiteID "11100540"]
[White "Blackman Katrina"]
[BlackID "10100903"]
[Black "Caxita Esperanca"]
[Result "1-0"]
[LiveChessVersion "1.4.3"]
[BlackElo "1727"]
[WhiteElo "1627"]

1. e4 {[%clk 1:30:58]} e5 {[%clk 1:30:54]} 2. Nf3 {[%clk 1:31:23]} d6
{[%clk 1:31:13]} 3. Bc4 {[%clk 1:31:49]} Be7 {[%clk 1:31:35]} 4. c3
{[%clk 1:32:13]} Nf6 {[%clk 1:31:52]} 5. d3 {[%clk 1:32:37]} Bg4 {[%clk 1:31:07]}
6. Nbd2 {[%clk 1:32:24]} O-O {[%clk 1:31:16]} 7. h3 {[%clk 1:32:33]} Bh5
{[%clk 1:31:31]} 8. Bb3 {[%clk 1:32:33]} Nbd7 {[%clk 1:31:25]} 9. Nf1
{[%clk 1:32:20]} Nc5 {[%clk 1:31:05]} 10. Bc2 {[%clk 1:32:36]} c6
{[%clk 1:29:41]} 11. Ng3 {[%clk 1:32:30]} Bg6 {[%clk 1:29:59]} 12. O-O
{[%clk 1:32:39]} Qc7 {[%clk 1:29:11]} 13. Qe2 {[%clk 1:32:23]} Rfe8
{[%clk 1:27:18]} 14. Nh4 {[%clk 1:25:15]} d5 {[%clk 1:20:59]} 15. Nhf5
{[%clk 1:23:07]} Bf8 {[%clk 1:18:05]} 16. Qf3 {[%clk 1:15:05]} Re6
{[%clk 1:15:04]} 17. Bg5 {[%clk 0:58:47]} Rd8 {[%clk 1:13:22]} 18. Rfe1
{[%clk 0:57:57]} h6 {[%clk 1:13:06]} 19. Bxf6 {[%clk 0:56:39]} gxf6
{[%clk 1:12:03]} 20. h4 {[%clk 0:55:31]} dxe4 {[%clk 1:08:32]} 21. dxe4
{[%clk 0:55:27]} Rd2 {[%clk 1:06:15]} 22. Bb3 {[%clk 0:50:20]} Nxb3
{[%clk 1:03:34]} 23. axb3 {[%clk 0:50:40]} Qb6 {[%clk 1:03:45]} 24. Re2
{[%clk 0:47:14]} Qd8 {[%clk 1:01:43]} 25. Rxd2 {[%clk 0:45:03]} Qxd2
{[%clk 1:01:23]} 26. h5 {[%clk 0:44:20]} Bxf5 {[%clk 1:01:06]} 27. Nxf5
{[%clk 0:44:40]} a6 {[%clk 0:56:25]} 28. Rd1 {[%clk 0:43:59]} Qg5
{[%clk 0:55:51]} 29. Rd8 {[%clk 0:41:33]} Qc1+ {[%clk 0:53:26]} 30. Kh2
{[%clk 0:41:27]} Qf4+ {[%clk 0:51:30]} 31. Qxf4 {[%clk 0:41:50]} exf4
{[%clk 0:51:50]} 32. Nxh6+ {[%clk 0:40:23]} Kh7 {[%clk 0:51:49]} 33. Nf5
{[%clk 0:34:55]} Bc5 {[%clk 0:50:10]} 34. f3 {[%clk 0:33:16]} b6 {[%clk 0:48:50]}
35. Rd7 {[%clk 0:33:29]} Kg8 {[%clk 0:48:52]} 36. Nh6+ {[%clk 0:32:43]} Kg7
{[%clk 0:48:40]} 37. Nf5+ {[%clk 0:32:18]} Kg8 {[%clk 0:47:29]} 38. h6
{[%clk 0:32:47]} Be3 {[%clk 0:44:34]} 39. Rd8+ {[%clk 0:32:21]} Kh7
{[%clk 0:44:47]} 40. Rf8 {[%clk 0:32:34]} Bc1 {[%clk 0:44:10]} 41. Rxf7+
{[%clk 0:32:51]} Kh8 {[%clk 0:44:25]} 42. Ne7 {[%clk 0:31:36]} f5
{[%clk 0:44:17]} 43. Nxf5 {[%clk 0:30:33]} Bxb2 {[%clk 0:44:29]} 44. c4
{[%clk 0:30:38]} b5 {[%clk 0:44:30]} 45. cxb5 {[%clk 0:29:16]} cxb5
{[%clk 0:42:43]} 46. Rb7 {[%clk 0:29:10]} Re5 {[%clk 0:41:35]} 47. Ra7
{[%clk 0:27:30]} Re6 {[%clk 0:41:46]} 48. Rb7 {[%clk 0:21:39]} Rg6
{[%clk 0:40:04]} 49. Kg1 {[%clk 0:20:55]} Rc6 {[%clk 0:38:23]} 50. Kh2
{[%clk 0:20:38]} Rg6 {[%clk 0:38:09]} 51. Kh3 {[%clk 0:20:46]} Bc3
{[%clk 0:37:53]} 52. Rd7 {[%clk 0:14:15]} Be5 {[%clk 0:36:03]} 53. Rd5
{[%clk 0:13:05]} Re6 {[%clk 0:35:39]} 54. Kh4 {[%clk 0:13:01]} Kh7
{[%clk 0:35:24]} 55. Kh5 {[%clk 0:13:11]} Bc3 {[%clk 0:34:13]} 56. Rd7+
{[%clk 0:13:04]} Kh8 {[%clk 0:34:06]} 57. Kg5 {[%clk 0:12:39]} Be5
{[%clk 0:33:59]} 58. h7 {[%clk 0:11:03]} a5 {[%clk 0:33:06]} 59. Nh4
{[%clk 0:10:24]} Bg7 {[%clk 0:32:13]} 60. Kxf4 {[%clk 0:09:32]} Ra6
{[%clk 0:32:07]} 61. Nf5 {[%clk 0:09:31]} Bf6 {[%clk 0:32:09]} 62. g4
{[%clk 0:09:10]} a4 {[%clk 0:32:15]} 63. bxa4 {[%clk 0:09:39]} bxa4
{[%clk 0:32:23]} 64. Ne3 {[%clk 0:09:07]} a3 {[%clk 0:32:11]} 65. Nc2
{[%clk 0:09:36]} Rc6 {[%clk 0:32:22]} 66. Nxa3 {[%clk 0:09:38]} Kg8
{[%clk 0:24:38]} 1-0

[Event "WCO2014"]
[Site "Tromso"]
[Date "2014.08.03"]
[Round "2.2"]
[WhiteID "10100768"]
[White "Domingos Maria M"]
[BlackID "11102470"]
[Black "Murray Donna"]
[Result "1-0"]
[LiveChessVersion "1.4.3"]
[BlackElo "1454"]
[WhiteElo "1576"]

1. e4 {[%clk 1:30:58]} e6 {[%clk 1:30:50]} 2. d4 {[%clk 1:31:00]} d5
{[%clk 1:31:12]} 3. exd5 {[%clk 1:30:53]} exd5 {[%clk 1:31:28]} 4. Bd3
{[%clk 1:30:59]} Bd6 {[%clk 1:31:16]} 5. Nf3 {[%clk 1:30:45]} Nc6
{[%clk 1:31:27]} 6. h3 {[%clk 1:29:46]} Be6 {[%clk 1:30:35]} 7. c3
{[%clk 1:29:40]} Nge7 {[%clk 1:30:36]} 8. Be3 {[%clk 1:29:25]} Qd7
{[%clk 1:30:20]} 9. Nbd2 {[%clk 1:26:20]} O-O-O {[%clk 1:26:29]} 10. Nb3
{[%clk 1:20:31]} Nf5 {[%clk 1:21:41]} 11. Bd2 {[%clk 1:16:10]} h5
{[%clk 1:11:04]} 12. Qc2 {[%clk 1:14:50]} Rde8 {[%clk 0:49:53]} 13. O-O-O
{[%clk 1:14:43]} f6 {[%clk 0:42:16]} 14. Rde1 {[%clk 1:12:46]} g5
{[%clk 0:34:07]} 15. Rxe6 {[%clk 1:07:33]} Kb8 {[%clk 0:23:55]} 16. Rxe8+
{[%clk 1:07:23]} Rxe8 {[%clk 0:23:44]} 17. Bxf5 {[%clk 1:07:20]} Qg7
{[%clk 0:22:33]} 18. Re1 {[%clk 1:07:00]} Rg8 {[%clk 0:19:54]} 19. Be6
{[%clk 1:06:43]} Rf8 {[%clk 0:19:26]} 20. Bxd5 {[%clk 1:06:47]} Ne7
{[%clk 0:19:20]} 21. Be6 {[%clk 1:06:00]} f5 {[%clk 0:15:05]} 22. Bxg5
{[%clk 1:02:46]} Ng6 {[%clk 0:13:42]} 23. Bxf5 {[%clk 1:00:36]} Nf4
{[%clk 0:13:00]} 24. Qe4 {[%clk 0:59:54]} a6 {[%clk 0:06:58]} 25. Bxf4
{[%clk 0:59:12]} Bxf4+ 26. Qxf4 Qxg2 {[%clk 0:05:52]} 27. Ne5 {[%clk 0:58:40]}
Rg8 {[%clk 0:04:03]} 28. Qe4 {[%clk 0:57:54]} Qg5+ {[%clk 0:03:47]} 29. Kb1
{[%clk 0:58:08]} Ka8 {[%clk 0:02:38]} 30. Nc5 {[%clk 0:56:37]} c6
{[%clk 0:01:25]} 31. Nxc6 {[%clk 0:55:03]} Qd2 {[%clk 0:01:28]} 32. Qe8+ 1-0

[Event "WCO2014"]
[Site "Tromso"]
[Date "2014.08.03"]
[Round "2.3"]
[WhiteID "11101610"]
[White "Ramsay Sheena"]
[BlackID "10100920"]
[Black "Joao Delfina"]
[Result "0-1"]
[LiveChessVersion "1.4.3"]
[BlackElo "1534"]
[WhiteElo "1579"]

1. d4 {[%clk 1:30:54]} e6 {[%clk 1:30:50]} 2. Nf3 {[%clk 1:31:17]} d5
{[%clk 1:31:05]} 3. c3 {[%clk 1:31:28]} c5 {[%clk 1:31:10]} 4. Bg5
{[%clk 1:30:22]} Qb6 {[%clk 1:31:12]} 5. Nbd2 {[%clk 1:26:40]} Qxb2
{[%clk 1:26:17]} 6. Qc1 {[%clk 0:54:17]} Qxc1+ {[%clk 1:22:30]} 7. Rxc1
{[%clk 0:54:42]} Nc6 {[%clk 1:22:31]} 8. e3 {[%clk 0:55:00]} cxd4
{[%clk 1:21:50]} 9. exd4 {[%clk 0:54:12]} Be7 {[%clk 1:20:15]} 10. Be3
{[%clk 0:51:18]} Bd7 {[%clk 1:19:45]} 11. Be2 {[%clk 0:51:31]} Nf6
{[%clk 1:19:48]} 12. Rb1 {[%clk 0:45:20]} b6 {[%clk 1:20:01]} 13. O-O
{[%clk 0:42:04]} O-O {[%clk 1:19:15]} 14. h3 {[%clk 0:37:05]} Bc8
{[%clk 1:18:42]} 15. Bf4 {[%clk 0:34:14]} Nh5 {[%clk 1:15:46]} 16. Bh2
{[%clk 0:34:31]} Bb7 {[%clk 1:15:48]} 17. a4 {[%clk 0:34:31]} Nf6
{[%clk 1:14:12]} 18. Ra1 {[%clk 0:29:20]} Rac8 {[%clk 1:12:16]} 19. Rfb1
{[%clk 0:24:04]} Na5 {[%clk 1:12:03]} 20. Rc1 {[%clk 0:21:09]} Rfd8
{[%clk 1:06:39]} 21. Rc2 {[%clk 0:16:52]} Bd6 {[%clk 1:05:07]} 22. Bxd6
{[%clk 0:15:43]} Rxd6 {[%clk 1:05:34]} 23. Ne5 {[%clk 0:16:00]} Nd7
{[%clk 1:03:46]} 24. Nef3 {[%clk 0:12:54]} Rdc6 {[%clk 1:02:40]} 25. Rac1
{[%clk 0:11:11]} h6 {[%clk 1:01:18]} 26. Bb5 {[%clk 0:11:02]} R6c7
{[%clk 1:01:45]} 27. Bd3 {[%clk 0:10:27]} Bc6 {[%clk 0:59:09]} 28. Ra1
{[%clk 0:09:26]} Nf6 {[%clk 0:55:26]} 29. Ne5 {[%clk 0:07:49]} Bb7
{[%clk 0:54:00]} 30. Rac1 {[%clk 0:07:56]} Nh5 {[%clk 0:47:05]} 31. g3
{[%clk 0:05:34]} Nf6 {[%clk 0:47:04]} 32. h4 {[%clk 0:04:02]} g6 {[%clk 0:46:17]}
33. g4 {[%clk 0:03:07]} Nc6 {[%clk 0:40:10]} 34. Ndf3 {[%clk 0:02:43]} Nxe5
{[%clk 0:38:07]} 35. Nxe5 {[%clk 0:02:51]} Nd7 {[%clk 0:38:34]} 36. Nf3
{[%clk 0:02:30]} Bc6 {[%clk 0:39:03]} 37. Ra1 {[%clk 0:02:16]} Nf6
{[%clk 0:38:14]} 38. Ne5 {[%clk 0:01:55]} Be8 {[%clk 0:38:25]} 39. Ba6
{[%clk 0:02:03]} Rxc3 {[%clk 0:38:09]} 40. Bxc8 {[%clk 0:00:37]} Rxc2
{[%clk 0:38:36]} 41. Kg2 {[%clk 0:00:39]} Rxc8 {[%clk 0:39:02]} 42. a5
{[%clk 0:00:36]} b5 {[%clk 0:38:36]} 43. g5 {[%clk 0:28:46]} hxg5
{[%clk 1:03:37]} 44. hxg5 {[%clk 0:29:04]} Nd7 {[%clk 1:02:53]} 45. Ng4
{[%clk 0:28:53]} a6 {[%clk 1:02:50]} 46. Rh1 {[%clk 0:29:07]} Kg7
{[%clk 1:00:47]} 0-1